| 000 | 00419nam a2200157Ia 4500 | ||
|---|---|---|---|
| 003 | Ost | ||
| 005 | 20260507075659.0 | ||
| 008 | 260507s9999||||xx |||||||||||||| ||und|| | ||
| 040 | _cfsecg | ||
| 041 | _aara | ||
| 100 |
_aصبح، محمود _eمؤلف |
||
| 245 | 0 |
_aالخصخصة / _c محمود صبح |
|
| 260 |
_aالقاهرة: _bجامعة عين شمس, _c2001 |
||
| 300 | _a107 صفحة؛ | ||
| 942 | _cكتاب | ||
| 999 |
_c45769 _d45769 |
||